Famous Couple - Statistics

General Stats
  • This quiz has been taken 21 times
  • The average score is 11 of 20
Answer Stats
Picture Answer % Correct
David and Victoria Beckham
81%
John and Jackie Kennedy
81%
Barack and Michelle Obama
76%
Bruce Willis and Demi Moore
71%
Elvis and Priscilla Presley
71%
Beyonce and Jay-Z
67%
Ashton Kutcher and Mila Kunis
62%
Jennifer Lopez and Ben Affleck
62%
Britney Spears and Justin Timberlake
57%
Queen Elizabeth and Prince Philip
57%
Will Smith and Jada Pinkett
57%
Gwyneth Paltrow and Chris Martin
52%
Emma Stone and Andrew Garfield
48%
Johnny Depp and Vanessa Paradis
48%
Justin Bieber and Selena Gomez
48%
Pamela Anderson and Tommy Lee
48%
Tom Holland and Zendaya
48%
Emily Blunt and John Krasinski
43%
Tom Cruise and Katie Holmes
43%
Lily-Rose Depp and Timothée Chalamet
29%
No matching quizzes found
Score Distribution
Percent of People with Each Score
Percentile by Number Answered
Your Score History
You have not taken this quiz